Online
Catalog

Celeste Woss y Gil en Bellas Artes: (Record no. 50683)

MARC details
000 -CABECERA
campo de control de longitud fija 00990nam a2200241 a 4500
003 - IDENTIFICADOR DEL NÚMERO DE CONTROL
campo de control DO-SdBNP
005 - FECHA Y HORA DE LA ÚLTIMA TRANSACCIÓN
campo de control 20220713105236.0
007 - CAMPO FIJO DE DESCRIPCIÓN FÍSICA--INFORMACIÓN GENERAL
campo de control de longitud fija ta
008 - DATOS DE LONGITUD FIJA--INFORMACIÓN GENERAL
campo de control de longitud fija 211001e2016 dr a|||grc||| 000 0 spa d
040 ## - FUENTE DE LA CATALOGACIÓN
Centro catalogador/agencia de origen DO-SdBNP
Lengua de catalogación spa
Centro/agencia transcriptor BNPHU
082 #4 - NÚMERO DE LA CLASIFICACIÓN DECIMAL DEWEY
Número de edición 22
Número de documento/Ítem W935c
111 ## - ENTRADA PRINCIPAL--NOMBRE DE CONGRESO/REUNIÓN
Nombre de congreso/reunión o jurisdicción como elemento de entrada Exposición, Celeste Woss y Gil
Fecha del congreso/reunión (2016:
Sede del congreso/Lugar de la reunión Santo Domingo)
Unidad subordinada Palacio de Bellas Artes.
Término indicativo de función/relación Galería Nacional de Bellas Artes
9 (RLIN) 80080
245 00 - MENCIÓN DE TÍTULO
Título Celeste Woss y Gil en Bellas Artes:
Resto del título enero 29 hasta abril 03, 2016 /
Mención de responsabilidad, etc. textos Marianne de Tolentino ; restaurador de bocetos Freddy Péres
260 ## - PUBLICACIÓN, DISTRIBUCIÓN, ETC.
Lugar de publicación, distribución, etc. Santo Domingo :
Nombre del editor, distribuidor, etc. Ministerio de Cultura,
Fecha de publicación, distribución, etc. 2016.
300 ## - DESCRIPCIÓN FÍSICA
Extensión 119 :
Otras características físicas il. ;
Dimensiones 27 cm.
590 ## - NOTA LOCAL (RLIN)
Nota local Inventariado 2021 / MF
600 14 - PUNTO DE ACCESO ADICIONAL DE MATERIA--NOMBRE DE PERSONA
Nombre de persona Woss y Gil, Celeste,
Fechas asociadas al nombre 1890-1985
9 (RLIN) 80081
650 #4 - PUNTO DE ACCESO ADICIONAL DE MATERIA--TÉRMINO DE MATERIA
Término de materia o nombre geográfico como elemento de entrada Pintura dominicana
Subdivisión general Exposiciones
9 (RLIN) 55174
650 #4 - PUNTO DE ACCESO ADICIONAL DE MATERIA--TÉRMINO DE MATERIA
Término de materia o nombre geográfico como elemento de entrada Arte dominicano
Subdivisión general Exposiciones
9 (RLIN) 54101
700 1# - PUNTO DE ACCESO ADICIONAL--NOMBRE DE PERSONA
9 (RLIN) 73333
Nombre de persona Tolentino, Marianne de,
Fechas asociadas al nombre 1951-
Término indicativo de función/relación textos
700 1# - PUNTO DE ACCESO ADICIONAL--NOMBRE DE PERSONA
Nombre de persona Péres, Freddy,
Término indicativo de función/relación restaurador de boceto.
9 (RLIN) 80082
942 ## - ELEMENTOS DE PUNTO DE ACCESO ADICIONAL (KOHA)
Fuente del sistema de clasificación o colocación Dewey Decimal Classification
Tipo de ítem Koha Libro
Holdings
Estado de retiro Estado de pérdida Fuente del sistema de clasificación o colocación Restricciones de uso No para préstamo Código de colección Localización permanente Ubicación/localización actual Ubicación en estantería Fecha de adquisición Fuente de adquisición Total de préstamos Signatura topográfica completa Código de barras Fecha visto por última vez Precio válido a partir de Tipo de ítem Koha Número de copia
    Dewey Decimal Classification Préstamo en sala   Dominicana de Servicio Biblioteca Nacional Pedro Henríquez Ureña General Depósito 19.06.2018 Donado por Galería Nacional de Bellas Artes   W935c 2021-27133 01.10.2021 01.10.2021 Libro y Folleto Colección Dominicana de Servicio e.3
    Dewey Decimal Classification Excluido de préstamo   Patrimonio Dominicano Biblioteca Nacional Pedro Henríquez Ureña Patrimonio Dominicano Depósito 19.06.2018 Donado por Galería Nacional de Bellas Artes   W935c 2021-27128 01.10.2021 01.10.2021 Libro y Folleto Colección Patrimonio Dominicano  
    Dewey Decimal Classification Excluido de préstamo   Patrimonio Dominicano Biblioteca Nacional Pedro Henríquez Ureña Patrimonio Dominicano Depósito 19.06.2018 Donado por Galería Nacional de Bellas Artes   W935c 2021-27132 01.10.2021 01.10.2021 Libro y Folleto Colección Patrimonio Dominicano e.2

Powered by Koha